| 000 | 00386nam a22001457a 4500 | ||
|---|---|---|---|
| 999 |
_c7992 _d7992 |
||
| 003 | OSt | ||
| 005 | 20200616111256.0 | ||
| 008 | 200616b ||||| |||| 00| 0 eng d | ||
| 020 | _a9781907317101 | ||
| 082 |
_a745.2 _bCZE |
||
| 100 | _aCzerwinski Michael Perez Santiago et al. | ||
| 110 | _aDuncan McCorquodale (Editor) | ||
| 245 | _autside the box : cardboard design now | ||
| 942 | _2ddc | ||